00346nam a2200121Ia 450000500170000000800410001708200130005824500270007126000370009830000130013550000510014870000250019920250402004337.0240331s9999 xx 000 0 und d bULAa894 0aUlaikkappiranthavargal aChennaibDurai Visvanathanc1997 a495 p., aMalaiyaga Sirukadhaikalin irandavathu thoguthi aVisvanathan,D. eedt